|
|
|
|
| LEADER |
00000cam a2200000 7i4500 |
| 001 |
0000012473 |
| 005 |
20080129.0 |
| 008 |
071218 |
| 020 |
|
|
|a 0743468597
|
| 090 |
0 |
0 |
|a 158.1
|b COV
|
| 100 |
1 |
|
|a Covey, Stephen R
|
| 245 |
1 |
0 |
|a First things first :
|b to live, to love, to learn to leave a legacy
|c Stephen R. Covey, A Roger Merrill, Rebecca R. Merrill
|
| 260 |
|
|
|a London :
|b Pocket Books ,
|c 2002
|
| 650 |
|
0 |
|a Conduct of life
|
| 650 |
|
0 |
|a English fiction
|
| 650 |
|
0 |
|a Time management
|
| 700 |
1 |
|
|a Merrill, A Roger
|
| 700 |
1 |
|
|a Merrill, Rebecca R
|
| 710 |
0 |
|
|a Title
|
| 999 |
|
|
|a 0001003682
|b Book
|c Adult Collection
|e Cawangan Urban Transformation Centre
|
| 999 |
|
|
|a 0001012120
|b Book
|c Adult Collection
|e Perbadanan Perpustakaan Awam Johor
|